00551 a2200169 450000500170000001000150001702000300003203500140006203700160007608200130009210000280010524500600013325000090019326000590020227000980026130000220035920211208113011.0 aENG-130230 c709.00a978-93-544-9470-3 aEN-113762 bDBAD / PUB a381.1068 aJanakiramanan, Sundaram aDerivatives and Risk ManagementcSundaram Janakiramanan a2022 aNoidabPearson India Education Services Pvt Ltd.c2022 bUttar Pradeshe201301a15th Floor, Tower-B, World Trade Tower, Plot No. 1, Block-C, Sector 16 a497p.c24cm (pbk)